[Event "Aut_2.Bundesliga_Ost_2003/04"]
[Site "Bruck/Leitha (1+2), Wien (3+4), Eichgraben (5-7), Wien (8+9), Eichgraben (10+11)"]
[Date "2003.12.06"]
[Round "5"]
[Board "4"]
[White "Hangweyrer, Roman"]
[Black "Rogetzer, Klaus"]
[Result "1-0"]
[WhiteElo "2214"]
[BlackElo "2119"]
[PlyCount "57"]

1.c4 f5 2.Nf3 Nf6 3.g3 d6 4.d4 g6 5.Bg2 Bg7 6.Nc3 O-O 7.O-O Qe8 8.d5 a5 9.Be3
Na6 10.Qd2 Ng4 11.Bf4 Nc5 12.Nd4 h6 13.Ncb5 Qd8 14.h3 g5 15.hxg4 gxf4 16.gxf5
Bxf5 17.Nxf5 Rxf5 18.gxf4 e5 19.dxe6 Qh4 20.e3 Nxe6 21.Rfd1 Raf8 22.Bd5 R8f6
23.Nxc7 Qh3 24.Nxe6 Kh8 25.Bg2 Rg6 26.Ng5 Qh5 27.Ne4 Qf3 28.Ng3 Qg4 29.Qe2

[Event "Aut_2.Bundesliga_Ost_2003/04"]
[Site "Bruck/Leitha (1+2), Wien (3+4), Eichgraben (5-7), Wien (8+9), Eichgraben (10+11)"]
[Date "2003.12.06"]
[Round "5"]
[Board "5"]
[White "Steiner, Johann"]
[Black "Mueller, Roland"]
[Result "1-0"]
[WhiteElo "2071"]
[BlackElo "2113"]
[PlyCount "29"]

1.e4 e5 2.Nf3 Nc6 3.d4 exd4 4.Bc4 Nf6 5.O-O Bc5 6.e5 d5 7.exf6 dxc4 8.Re1+ Be6
9.Ng5 Kd7 10.Nxe6 fxe6 11.Qh5 e5 12.Qf5+ Kd6 13.fxg7 Re8 14.Nd2 Nb4 15.Nxc4+

[Event "Aut_2.Bundesliga_Ost_2003/04"]
[Site "Bruck/Leitha (1+2), Wien (3+4), Eichgraben (5-7), Wien (8+9), Eichgraben (10+11)"]
[Date "2003.12.06"]
[Round "5"]
[Board "6"]
[White "Prager, Manfred"]
[Black "Newrkla, Alexander"]
[Result "0-1"]
[WhiteElo "2099"]
[BlackElo "2061"]
[PlyCount "88"]

1.e4 Nc6 2.d4 e5 3.d5 Nce7 4.c4 Ng6 5.Nc3 Nf6 6.Nf3 Bc5 7.Be2 O-O 8.O-O d6 9.a3
a6 10.Qc2 Qe7 11.Na4 Ba7 12.b4 Bd7 13.Nc3 h6 14.Qd3 Nh5 15.Be3 Nhf4 16.Qd2 Bxe3
17.Qxe3 b6 18.Rfc1 Nh4 19.Bf1 Nxf3+ 20.Qxf3 f5 21.Qe3 Qg5 22.Qg3 Qe7 23.Re1 Rf6
24.exf5 Rxf5 25.Ne4 Nh5 26.Qe3 Nf6 27.Nxf6+ Qxf6 28.Bd3 Rg5 29.Be4 Rf8 30.Ra2
Bf5 31.Bxf5 Qxf5 32.Rae2 Qg4 33.f3 Rxf3 34.Qc1 Qd4+ 35.Kh1 Rf2 36.Rxf2 Qxf2
37.Rg1 e4 38.c5 bxc5 39.Qc4 e3 40.bxc5 e2 41.Qb4 Rxg2 42.Qb8+ Kh7 43.Qb1+ g6
44.Rxg2 e1=Q+

[Event "Aut_2.Bundesliga_Ost_2003/04"]
[Site "Bruck/Leitha (1+2), Wien (3+4), Eichgraben (5-7), Wien (8+9), Eichgraben (10+11)"]
[Date "2003.12.07"]
[Round "6"]
[Board "1"]
[White "Likavsky, Tomas"]
[Black "Blatny, Pavel"]
[Result "1/2-1/2"]
[WhiteElo "2472"]
[BlackElo "2452"]
[PlyCount "118"]

1.d4 b6 2.e4 Bb7 3.Bd3 Nf6 4.f3 d5 5.e5 Nfd7 6.f4 e6 7.Nf3 g6 8.c3 Ba6 9.g4 Bxd3
10.Qxd3 h5 11.gxh5 Rxh5 12.Rg1 Qe7 13.Nbd2 c5 14.Nf1 Nc6 15.Bd2 Rc8 16.Ke2 c4
17.Qc2 b5 18.h4 Rh8 19.Ng3 Qd8 20.h5 Ne7 21.hxg6 fxg6 22.Ng5 Qb6 23.Rh1 Rg8
24.Rh7 Bg7 25.a4 b4 26.cxb4 Nf8 27.Rhh1 Nc6 28.Nf3 g5 29.b5 Nxd4+ 30.Nxd4 Qxd4
31.Be3 Qd3+ 32.Qxd3 cxd3+ 33.Kxd3 gxf4 34.Bxf4 Ng6 35.Nh5 Nxf4+ 36.Nxf4 Bxe5
37.Nxe6 Rg3+ 38.Kd2 Rg6 39.Rh7 Rxe6 40.Rg1 Kf8 41.Rf1+ Kg8 42.Rxa7 Rg6 43.Rf5
Rg2+ 44.Kd3 Rg3+ 45.Kd2 Bd4 46.Re7 Bc5 47.Ree5 Bb4+ 48.Kd1 Rg1+ 49.Ke2 Rc2+
50.Kd3 Rd2+ 51.Ke3 d4+ 52.Ke4 Be7 53.b6 Rxb2 54.Rb5 Re1+ 55.Kd5 Rxb5+ 56.axb5
Rb1 57.Kxd4 Rd1+ 58.Ke4 Rd6 59.Re5 Kf7

[Event "Aut_2.Bundesliga_Ost_2003/04"]
[Site "Bruck/Leitha (1+2), Wien (3+4), Eichgraben (5-7), Wien (8+9), Eichgraben (10+11)"]
[Date "2003.12.07"]
[Round "6"]
[Board "2"]
[White "Penz, Harald"]
[Black "Manik, Mikulas"]
[Result "0-1"]
[WhiteElo "2307"]
[BlackElo "2493"]
[PlyCount "128"]

1.e4 c5 2.Nf3 e6 3.c3 Nf6 4.e5 Nd5 5.Bc4 Nb6 6.Bb3 c4 7.Bc2 Nc6 8.O-O Qc7 9.Re1
d6 10.exd6 Bxd6 11.d4 cxd3 12.Bxd3 Bd7 13.Nbd2 Ne5 14.Nxe5 Bxe5 15.Nf3 Bf6
16.Bg5 O-O-O 17.Qc2 Bxg5 18.Nxg5 Bc6 19.Be4 h6 20.Nf3 Bxe4 21.Rxe4 Kb8 22.Rd1
Rxd1+ 23.Qxd1 Rd8 24.Rd4 Rd5 25.Rxd5 Nxd5 26.Qd4 Qf4 27.Qxf4+ Nxf4 28.Kf1 Nd3
29.b3 Kc7 30.g3 Kd6 31.Ke2 Nc5 32.Ke3 f5 33.Nd2 e5 34.h4 g5 35.hxg5 hxg5 36.c4
g4 37.b4 Ne6 38.Nb1 Nd4 39.Kd3 Nc6 40.c5+ Ke6 41.Kc4 e4 42.Nc3 Ne5+ 43.Kb5 Nd3
44.Nd1 Kd5 45.a4 Kd4 46.Ne3 Nxf2 47.Nxf5+ Kd3 48.a5 e3 49.Nxe3 Kxe3 50.a6 bxa6+
51.Kxa6 Nd3 52.Ka5 Ne5 53.b5 Kd4 54.c6 Kc5 55.c7 Nc4+ 56.Ka6 Nd6 57.Ka5 Nc8
58.Ka6 Kd6 59.Kb7 Kd7 60.Kb8 Nd6 61.Kxa7 Nxb5+ 62.Kb6 Nxc7 63.Kc5 Ke6 64.Kd4 Kf5

[Event "Aut_2.Bundesliga_Ost_2003/04"]
[Site "Bruck/Leitha (1+2), Wien (3+4), Eichgraben (5-7), Wien (8+9), Eichgraben (10+11)"]
[Date "2003.12.07"]
[Round "6"]
[Board "3"]
[White "Dudas, Jan"]
[Black "Komora, Andrej"]
[Result "0-1"]
[WhiteElo "2320"]
[BlackElo "2298"]
[PlyCount "126"]

1.e4 e6 2.Nc3 d5 3.g3 d4 4.Nce2 c5 5.Bg2 Nc6 6.d3 Nf6 7.h3 e5 8.f4 Bd6 9.f5 b5
10.a4 bxa4 11.Rxa4 Bd7 12.Nf3 Nb4 13.Ra1 Bb5 14.b3 a5 15.Nd2 a4 16.Nc4 O-O
17.O-O Qc7 18.g4 axb3 19.Rxa8 Rxa8 20.cxb3 Ra1 21.Ng3 Bxc4 22.bxc4 Nd7 23.g5 f6
24.Qf3 Be7 25.h4 Qd8 26.gxf6 Bxf6 27.Nh5 Bxh4 28.Qg4 Bf6 29.Bh6 Rxf1+ 30.Bxf1
Qf8 31.Be2 Kh8 32.Bd2 Qa8 33.Bf1 Qd8 34.Bc1 Qe7 35.Kg2 h6 36.Kf3 Nc2 37.Be2 Bh4
38.Kg2 Bg5 39.Bxg5 hxg5 40.Kf2 Ne3 41.Qh3 Kg8 42.Bg4 Nf6 43.Nxf6+ gxf6 44.Qh5
Qf7 45.Qh3 Qh7 46.Bh5 Qh6 47.Ke2 Kg7 48.Kf2 Nd1+ 49.Ke1 Nb2 50.Ke2 Kf8 51.Qg4
Ke7 52.Kd2 Na4 53.Ke2 Nc3+ 54.Kf2 Qh8 55.Kg3 Na2 56.Qd1 Nb4 57.Kg4 Qa8 58.Kg3
Qa2 59.Be2 Qc2 60.Qxc2 Nxc2 61.Kg4 Ne3+ 62.Kh5 Ng2 63.Bf1 Nf4+

[Event "Aut_2.Bundesliga_Ost_2003/04"]
[Site "Bruck/Leitha (1+2), Wien (3+4), Eichgraben (5-7), Wien (8+9), Eichgraben (10+11)"]
[Date "2003.12.07"]
[Round "6"]
[Board "4"]
[White "Janetschek, Karl"]
[Black "Achs, Reinhold"]
[Result "1-0"]
[WhiteElo "2254"]
[BlackElo "2140"]
[PlyCount "55"]

1.e4 Nf6 2.e5 Nd5 3.d4 d6 4.Bc4 Nb6 5.Bb3 Nc6 6.e6 fxe6 7.Nf3 d5 8.Bf4 g6 9.c3
Bg7 10.Nbd2 O-O 11.g3 e5 12.dxe5 Bg4 13.h3 Bh5 14.Qe2 h6 15.Qd3 g5 16.Bxg5 Bxf3
17.Nxf3 Rxf3 18.Qxf3 Nxe5 19.Qe2 hxg5 20.f4 gxf4 21.gxf4 Nf7 22.O-O-O Qd6 23.Kb1
Rf8 24.Rhg1 c6 25.Bc2 Nh8 26.Qh5 Rf7 27.Rxg7+ Kxg7 28.Rg1+

[Event "Aut_2.Bundesliga_Ost_2003/04"]
[Site "Bruck/Leitha (1+2), Wien (3+4), Eichgraben (5-7), Wien (8+9), Eichgraben (10+11)"]
[Date "2003.12.07"]
[Round "6"]
[Board "5"]
[White "Plank, Franz"]
[Black "Hangweyrer, Roman"]
[Result "1/2-1/2"]
[WhiteElo "2236"]
[BlackElo "2214"]
[PlyCount "61"]

1.d4 Nf6 2.c4 g6 3.Nc3 Bg7 4.e4 d6 5.h3 O-O 6.Be3 e5 7.dxe5 dxe5 8.Qxd8 Rxd8
9.Rd1 Rxd1+ 10.Kxd1 Be6 11.Nf3 Nc6 12.Kc1 Rd8 13.g4 Ne8 14.g5 Nd4 15.Nd2 c6
16.a3 a5 17.b3 Bf8 18.Kb2 Nc7 19.h4 b5 20.cxb5 Ncxb5 21.Nxb5 Nxb5 22.Bxb5 cxb5
23.Rc1 Rc8 24.Rxc8 Bxc8 25.Bb6 a4 26.bxa4 bxa4 27.Nc4 Bb7 28.Nxe5 Bxe4 29.Nd7
Bg7+ 30.Nf6+ Bxf6+ 31.gxf6

[Event "Aut_2.Bundesliga_Ost_2003/04"]
[Site "Bruck/Leitha (1+2), Wien (3+4), Eichgraben (5-7), Wien (8+9), Eichgraben (10+11)"]
[Date "2003.12.07"]
[Round "6"]
[Board "6"]
[White "Prager, Manfred"]
[Black "Allacher, Erwin"]
[Result "0-1"]
[WhiteElo "2099"]
[BlackElo "2174"]
[PlyCount "86"]

1.e4 c5 2.Nf3 Nc6 3.d4 cxd4 4.Nxd4 Nf6 5.Nc3 e5 6.Ndb5 d6 7.Nd5 Nxd5 8.exd5 Ne7
9.c4 Nf5 10.Bd3 Be7 11.O-O a6 12.Nc3 O-O 13.Kh1 Nh4 14.f4 f5 15.fxe5 dxe5 16.Be3
e4 17.Be2 b6 18.Na4 Rb8 19.Qd2 Ng6 20.Rad1 Bd6 21.Nxb6 Qh4 22.Bg1 Rxb6 23.c5
Bxh2 24.Bxh2 Rbf6 25.Qe3 Re8 26.d6 f4 27.Qb3+ Be6 28.Bc4 Nf8 29.Bxe6+ Rexe6
30.g3 Qh3 31.Rxf4 Rxf4 32.gxf4 e3 33.Qd5 e2 34.Rg1 Kh8 35.Qg2 Qxg2+ 36.Kxg2 e1=Q
37.Rxe1 Rxe1 38.f5 Re2+ 39.Kh3 Rxb2 40.c6 Rxa2 41.Bf4 Ra3+ 42.Kg2 Rc3 43.d7 Nxd7

[Event "Aut_2.Bundesliga_Ost_2003/04"]
[Site "Bruck/Leitha (1+2), Wien (3+4), Eichgraben (5-7), Wien (8+9), Eichgraben (10+11)"]
[Date "2003.12.07"]
[Round "6"]
[Board "1"]
[White "Lau, Ralf"]
[Black "Jansa, Vlastimil"]
[Result "1/2-1/2"]
[WhiteElo "2497"]
[BlackElo "2477"]
[PlyCount "113"]

1.d4 Nf6 2.Nf3 g6 3.Nc3 d5 4.Bf4 Bg7 5.e3 Bg4 6.Qd3 c6 7.Ne5 Bf5 8.Qd2 Nfd7
9.Be2 Nxe5 10.Bxe5 Bxe5 11.dxe5 Nd7 12.g4 Be6 13.f4 Qa5 14.a3 f6 15.exf6 exf6
16.O-O-O O-O-O 17.h4 f5 18.g5 h5 19.Rhe1 Rhe8 20.Qd4 Bf7 21.Bd3 Re7 22.Qb4 Qxb4
23.axb4 Rde8 24.Kd2 Nb6 25.b3 Kb8 26.Re2 Nc8 27.Ra1 Nd6 28.Ree1 b6 29.Re2 Rd8
30.Ke1 c5 31.bxc5 bxc5 32.Ba6 Ne4 33.Nxe4 fxe4 34.b4 cxb4 35.Rb1 Rd6 36.Rxb4+
Rb6 37.Rxb6+ axb6 38.Kd2 Ra7 39.Bb5 Kc7 40.Kc3 Ra5 41.Kb4 Ra1 42.Ba4 Rh1 43.Bb3
Rxh4 44.Rd2 Rh3 45.Bxd5 Bxd5 46.Rxd5 Rxe3 47.f5 gxf5 48.Rxf5 Rg3 49.g6 Rxg6
50.Rxh5 Re6 51.Kc3 e3 52.Rh1 Kc6 53.Kd3 Kc5 54.Re1 Kb4 55.Rb1+ Ka3 56.Rb3+ Ka4
57.Ke2

[Event "Aut_2.Bundesliga_Ost_2003/04"]
[Site "Bruck/Leitha (1+2), Wien (3+4), Eichgraben (5-7), Wien (8+9), Eichgraben (10+11)"]
[Date "2003.12.07"]
[Round "6"]
[Board "2"]
[White "Staudner, Oliver"]
[Black "Wukits, Rene"]
[Result "1-0"]
[WhiteElo "2359"]
[BlackElo "2301"]
[PlyCount "37"]

1.e4 c5 2.Nf3 e6 3.c3 Nf6 4.e5 Nd5 5.Bc4 Nc6 6.O-O d6 7.d4 Be7 8.Qe2 Nb6 9.Bb3
cxd4 10.cxd4 d5 11.Nc3 a6 12.Rd1 Bd7 13.Bc2 Rc8 14.Ne1 Nc4 15.Qg4 Kf8 16.Nf3 b5
17.Ne2 Qb6 18.Nf4 Nxd4 19.Rxd4

[Event "Aut_2.Bundesliga_Ost_2003/04"]
[Site "Bruck/Leitha (1+2), Wien (3+4), Eichgraben (5-7), Wien (8+9), Eichgraben (10+11)"]
[Date "2003.12.07"]
[Round "6"]
[Board "3"]
[White "Kleiser, Gregor"]
[Black "Schumi, Manfred"]
[Result "0-1"]
[WhiteElo "2235"]
[BlackElo "2220"]
[PlyCount "43"]

1.d4 Nf6 2.Nf3 g6 3.Bf4 Bg7 4.e3 d6 5.h3 O-O 6.Be2 Nbd7 7.O-O Qe8 8.Bh2 e5 9.c4
Ne4 10.Nbd2 Nxd2 11.Qxd2 b6 12.Rfc1 Qe7 13.b4 Bb7 14.c5 bxc5 15.bxc5 dxc5
16.dxe5 Rfd8 17.Rab1 Nxe5 18.Qa5 Nxf3+ 19.Bxf3 Bxf3 20.gxf3 Rd5 21.Qxc7 Qh4
22.Rxc5

[Event "Aut_2.Bundesliga_Ost_2003/04"]
[Site "Bruck/Leitha (1+2), Wien (3+4), Eichgraben (5-7), Wien (8+9), Eichgraben (10+11)"]
[Date "2003.12.07"]
[Round "6"]
[Board "4"]
[White "Rogetzer, Klaus"]
[Black "Kreindl, Helmut"]
[Result "1/2-1/2"]
[WhiteElo "2119"]
[BlackElo "2219"]
[PlyCount "50"]

1.d4 d5 2.c4 e6 3.Nc3 Nf6 4.Bg5 Be7 5.cxd5 exd5 6.Qc2 c6 7.e3 Nbd7 8.Bd3 Nh5
9.Bxe7 Qxe7 10.Nge2 g6 11.O-O-O Nb6 12.Kb1 Bd7 13.Rc1 O-O-O 14.Na4 Nxa4 15.Qxa4
Kb8 16.Rc3 b6 17.Ra3 Be8 18.Rc1 Rc8 19.Rac3 Bd7 20.Ka1 Qd6 21.e4 dxe4 22.Bxe4
Rhe8 23.Bf3 Nf6 24.Ng3 Nd5 25.Ra3 Rc7

[Event "Aut_2.Bundesliga_Ost_2003/04"]
[Site "Bruck/Leitha (1+2), Wien (3+4), Eichgraben (5-7), Wien (8+9), Eichgraben (10+11)"]
[Date "2003.12.07"]
[Round "6"]
[Board "5"]
[White "Schwaninger, Wolfgang"]
[Black "Steiner, Johann"]
[Result "1-0"]
[WhiteElo "2226"]
[BlackElo "2071"]
[PlyCount "74"]

1.d4 Nf6 2.Nf3 g6 3.g3 Bg7 4.Bg2 d6 5.O-O O-O 6.c4 c6 7.Nc3 Nbd7 8.Qc2 Re8 9.Rd1
Qc7 10.b4 e5 11.c5 dxc5 12.dxc5 Nf8 13.Bb2 Bf5 14.Qb3 Be6 15.Qc2 Bf5 16.e4 Bg4
17.h3 Bxf3 18.Bxf3 Ne6 19.Ne2 Rad8 20.Qc4 Ng5 21.Bg2 Qc8 22.h4 Nh3+ 23.Kf1 Rxd1+
24.Rxd1 g5 25.hxg5 Nxg5 26.Bc1 Qg4 27.Bxg5 Qxg5 28.Bh3 h5 29.Bf5 h4 30.Qc3 hxg3
31.Qxg3 Qxg3 32.Nxg3 a5 33.bxa5 Ra8 34.Rb1 Bf8 35.Rxb7 Bxc5 36.Rc7 Rxa5 37.Rxc6
Kf8

[Event "Aut_2.Bundesliga_Ost_2003/04"]
[Site "Bruck/Leitha (1+2), Wien (3+4), Eichgraben (5-7), Wien (8+9), Eichgraben (10+11)"]
[Date "2003.12.07"]
[Round "6"]
[Board "6"]
[White "Horvath, Maria"]
[Black "Ponjican, Erich"]
[Result "0-1"]
[WhiteElo "2072"]
[BlackElo "2115"]
[PlyCount "126"]

1.d4 d5 2.c4 e6 3.Nc3 Nf6 4.cxd5 exd5 5.Bg5 c6 6.Qc2 Bd6 7.e3 O-O 8.Bd3 h6 9.Bh4
Re8 10.Nf3 Nbd7 11.O-O Nf8 12.Rab1 Bg4 13.Bg3 Bxf3 14.gxf3 Nh5 15.Bxd6 Qxd6
16.Ne2 Ne6 17.f4 Rac8 18.b4 b6 19.Bf5 c5 20.bxc5 bxc5 21.dxc5 Rxc5 22.Qa4 Re7
23.Bxe6 fxe6 24.Rfc1 Nf6 25.Rxc5 Qxc5 26.Rc1 Qb6 27.Rc8+ Kf7 28.Qc2 Ne4 29.Nd4
Rb7 30.Kg2 Qb2 31.Rc7+ Kf6 32.Rxb7 Qxb7 33.f3 Nd6 34.Nc6 Nf5 35.Qc3+ Kg6 36.Ne5+
Kh7 37.Ng4 Qb1 38.a3 Qd1 39.Kf2 h5 40.Ne5 Qh1 41.Qc5 Qxh2+ 42.Ke1 Qg1+ 43.Kd2
Qf2+ 44.Kd3 Qf1+ 45.Kd2 Qa6 46.Nd7 h4 47.e4 dxe4 48.fxe4 Ng3 49.Nf6+ Kg6 50.Qg5+
Kf7 51.Qxh4 Qe2+ 52.Kc3 Qe3+ 53.Kb4 Nxe4 54.Nxe4 Qxe4+ 55.Kb3 Qf5 56.Kb2 Qf6+
57.Qxf6+ Kxf6 58.Kc3 Kf5 59.Kd4 Kxf4 60.Kc5 g5 61.a4 g4 62.Kc6 g3 63.Kb7 g2

[Event "Aut_2.Bundesliga_Ost_2003/04"]
[Site "Bruck/Leitha (1+2), Wien (3+4), Eichgraben (5-7), Wien (8+9), Eichgraben (10+11)"]
[Date "2003.12.07"]
[Round "6"]
[Board "1"]
[White "Brestian, Egon"]
[Black "Varga, Zoltan"]
[Result "0-1"]
[WhiteElo "2431"]
[BlackElo "2564"]
[PlyCount "42"]

1.d4 d5 2.Nf3 c6 3.c3 Bg4 4.h3 Bxf3 5.exf3 Nd7 6.Bd3 e6 7.O-O Bd6 8.Re1 Qb6 9.a4
g5 10.b4 h5 11.Nd2 Ne7 12.Nb3 O-O-O 13.g3 Rdg8 14.Kg2 e5 15.b5 g4 16.fxg4 hxg4
17.h4 e4 18.Be2 Rxh4 19.gxh4 g3 20.f4 Ng6 21.Rh1 Nxf4+

[Event "Aut_2.Bundesliga_Ost_2003/04"]
[Site "Bruck/Leitha (1+2), Wien (3+4), Eichgraben (5-7), Wien (8+9), Eichgraben (10+11)"]
[Date "2003.12.07"]
[Round "6"]
[Board "2"]
[White "Vavrak, Peter"]
[Black "Lipka, Juraj"]
[Result "1/2-1/2"]
[WhiteElo "2338"]
[BlackElo "2417"]
[PlyCount "62"]

1.d4 g6 2.Nf3 Bg7 3.c4 d6 4.g3 c5 5.dxc5 Qa5+ 6.Nc3 Bxc3+ 7.bxc3 Qxc5 8.Qb3 Nf6
9.Be3 Qc7 10.Bg2 Nbd7 11.Nd4 a6 12.O-O O-O 13.Nc2 Nc5 14.Bxc5 Qxc5 15.Ne3 Rb8
16.Rab1 Be6 17.Qa4 Qc7 18.Rb4 Nd7 19.Rfb1 Nc5 20.Qd1 b6 21.Qd4 Nd7 22.h4 Rfc8
23.h5 Qd8 24.hxg6 hxg6 25.Bd5 Qf8 26.Bxe6 fxe6 27.Qe4 Qf7 28.Ng4 Kg7 29.Kg2 Qf5
30.Qxf5 gxf5 31.Ne3 Rc5

[Event "Aut_2.Bundesliga_Ost_2003/04"]
[Site "Bruck/Leitha (1+2), Wien (3+4), Eichgraben (5-7), Wien (8+9), Eichgraben (10+11)"]
[Date "2003.12.07"]
[Round "6"]
[Board "3"]
[White "Alvir, Aco"]
[Black "Stranz, Richard"]
[Result "1-0"]
[WhiteElo "2374"]
[BlackElo "2323"]
[PlyCount "57"]

1.e4 c5 2.Nf3 Nc6 3.d4 cxd4 4.Nxd4 Nf6 5.Nc3 e5 6.Ndb5 d6 7.Bg5 a6 8.Bxf6 gxf6
9.Na3 f5 10.Nc4 b5 11.Ne3 b4 12.Ncd5 fxe4 13.a3 Rb8 14.axb4 Nxb4 15.Bc4 Bg7
16.O-O O-O 17.Qh5 Be6 18.Nxb4 Rxb4 19.b3 Bxc4 20.bxc4 f5 21.Nxf5 Rxc4 22.Rxa6
Qf6 23.Ne3 Rd4 24.Ra7 Rd2 25.Ng4 Qg6 26.Qxg6 hxg6 27.c4 Rc8 28.Rb1 Rxc4 29.Nf6+

[Event "Aut_2.Bundesliga_Ost_2003/04"]
[Site "Bruck/Leitha (1+2), Wien (3+4), Eichgraben (5-7), Wien (8+9), Eichgraben (10+11)"]
[Date "2003.12.07"]
[Round "6"]
[Board "4"]
[White "Krpelan, Wolfgang"]
[Black "Kuthan, Andreas"]
[Result "1/2-1/2"]
[WhiteElo "2232"]
[BlackElo "2237"]
[PlyCount "50"]

1.e4 e6 2.d4 d5 3.Nc3 Nf6 4.Bg5 dxe4 5.Nxe4 Be7 6.Nxf6+ Bxf6 7.Bxf6 Qxf6 8.Nf3
Nd7 9.Bd3 O-O 10.O-O e5 11.Be4 exd4 12.Qxd4 Qxd4 13.Nxd4 Nc5 14.Bf3 Ne6 15.Rad1
Nxd4 16.Rxd4 Bf5 17.g4 Be6 18.Rfd1 Rab8 19.Bd5 Bxd5 20.Rxd5 Rfe8 21.Rd7 Rbc8
22.R1d3 Kf8 23.Kg2 Re2 24.Rc3 Re7 25.Rcd3 Re2

[Event "Aut_2.Bundesliga_Ost_2003/04"]
[Site "Bruck/Leitha (1+2), Wien (3+4), Eichgraben (5-7), Wien (8+9), Eichgraben (10+11)"]
[Date "2003.12.07"]
[Round "6"]
[Board "5"]
[White "Travenec, Igor"]
[Black "Ranits, Franz"]
[Result "1/2-1/2"]
[WhiteElo "2234"]
[BlackElo "2250"]
[PlyCount "46"]

1.e4 Nf6 2.e5 Nd5 3.d4 d6 4.Nf3 Bg4 5.exd6 cxd6 6.Be2 e6 7.O-O Be7 8.c4 Nf6 9.b3
O-O 10.Bb2 Nc6 11.Nbd2 Rc8 12.Re1 d5 13.Ne5 Bxe2 14.Qxe2 dxc4 15.Nxc6 Rxc6
16.bxc4 Bb4 17.Red1 b5 18.c5 Bxd2 19.Rxd2 a6 20.Rd3 Qd5 21.Rg3 Rd8 22.Re1 g6
23.a3 Qh5

[Event "Aut_2.Bundesliga_Ost_2003/04"]
[Site "Bruck/Leitha (1+2), Wien (3+4), Eichgraben (5-7), Wien (8+9), Eichgraben (10+11)"]
[Date "2003.12.07"]
[Round "6"]
[Board "6"]
[White "Kocsisek, Marcus"]
[Black "Froschauer, Hans"]
[Result "1-0"]
[WhiteElo "2215"]
[BlackElo "2120"]
[PlyCount "45"]

1.d4 Nf6 2.c4 e6 3.Nc3 Bb4 4.e3 O-O 5.Nge2 d5 6.a3 Bd6 7.c5 Be7 8.Nf4 b6 9.b4 a5
10.Rb1 bxc5 11.bxc5 Ba6 12.Bxa6 Rxa6 13.Qd3 Ra8 14.O-O Nbd7 15.Rd1 c6 16.e4 e5
17.exd5 exf4 18.d6 Nh5 19.dxe7 Qxe7 20.Qf3 Qh4 21.Qxc6 Ndf6 22.Qf3 g5 23.Qh3

[Event "Aut_2.Bundesliga_Ost_2003/04"]
[Site "Bruck/Leitha (1+2), Wien (3+4), Eichgraben (5-7), Wien (8+9), Eichgraben (10+11)"]
[Date "2003.12.07"]
[Round "6"]
[Board "1"]
[White "Tibensky, Robert"]
[Black "Gross, Stefan"]
[Result "1/2-1/2"]
[WhiteElo "2405"]
[BlackElo "2290"]
[PlyCount "51"]

1.d4 Nf6 2.Nf3 e6 3.Bg5 c5 4.e3 d5 5.Nbd2 Nc6 6.c3 Qb6 7.Rb1 Bd6 8.Bd3 cxd4
9.exd4 h6 10.Bh4 Nh5 11.Bg3 Nxg3 12.hxg3 Bd7 13.Qe2 Qc7 14.O-O O-O 15.Rfe1 Rae8
16.Ne5 Nxe5 17.dxe5 Bc5 18.b4 Bb6 19.c4 dxc4 20.Nxc4 Bb5 21.Qe4 g6 22.Nd6 Bxd3
23.Qxd3 Rd8 24.a4 Qe7 25.Qe4 Bc7 26.Red1

[Event "Aut_2.Bundesliga_Ost_2003/04"]
[Site "Bruck/Leitha (1+2), Wien (3+4), Eichgraben (5-7), Wien (8+9), Eichgraben (10+11)"]
[Date "2003.12.07"]
[Round "6"]
[Board "2"]
[White "Neumeier, Klaus"]
[Black "Wallner, Joachim"]
[Result "1/2-1/2"]
[WhiteElo "2280"]
[BlackElo "2297"]
[PlyCount "33"]

1.e4 c5 2.Nf3 e6 3.c3 Nf6 4.e5 Nd5 5.d4 cxd4 6.cxd4 b6 7.Nc3 Nxc3 8.bxc3 Qc7
9.Bd2 Bb7 10.Bd3 d6 11.O-O Nd7 12.Ng5 dxe5 13.Qh5 g6 14.Qh3 Be7 15.Rae1 Bd5
16.f4 Bxg5 17.fxg5

[Event "Aut_2.Bundesliga_Ost_2003/04"]
[Site "Bruck/Leitha (1+2), Wien (3+4), Eichgraben (5-7), Wien (8+9), Eichgraben (10+11)"]
[Date "2003.12.07"]
[Round "6"]
[Board "3"]
[White "Ganaus, Hannes"]
[Black "Hechl, Gerald"]
[Result "1-0"]
[WhiteElo "2349"]
[BlackElo "2228"]
[PlyCount "81"]

1.Nf3 Nf6 2.c4 d6 3.d4 Nbd7 4.Nc3 e5 5.g3 Be7 6.Bg2 c6 7.O-O Qc7 8.e4 Nf8 9.d5
Ng6 10.Ne1 O-O 11.Nc2 cxd5 12.cxd5 a6 13.h3 b5 14.a4 Bd7 15.axb5 axb5 16.Rxa8
Rxa8 17.Be3 Qc4 18.Qe2 Qb3 19.Na1 Qb4 20.Rb1 Rc8 21.Qc2 Qa5 22.b4 Qc7 23.Rc1 Qb7
24.Qd3 Rc4 25.Na2 Qa6 26.Rxc4 bxc4 27.Qb1 Bd8 28.Nc3 Qa3 29.Bd2 Bb6 30.Nc2 Qa7
31.Be3 Bd4 32.Ne2 Bxe3 33.Nxe3 Bb5 34.Nc3 Qa6 35.Bf1 Nd7 36.Nxb5 Qxb5 37.Nxc4
Qb8 38.Qb2 Ne7 39.Na5 Nc5 40.Nc6 Nxc6 41.dxc6

[Event "Aut_2.Bundesliga_Ost_2003/04"]
[Site "Bruck/Leitha (1+2), Wien (3+4), Eichgraben (5-7), Wien (8+9), Eichgraben (10+11)"]
[Date "2003.12.07"]
[Round "6"]
[Board "4"]
[White "Wanderer, Thomas"]
[Black "Franzen, Jozef"]
[Result "1/2-1/2"]
[WhiteElo "2215"]
[BlackElo "2402"]
[PlyCount "65"]

1.e4 g6 2.d4 Bg7 3.Nc3 d6 4.Be3 c6 5.Qd2 Nd7 6.a4 Ngf6 7.f3 e5 8.dxe5 dxe5 9.Bc4
Qe7 10.O-O-O O-O 11.g4 Qb4 12.Ba2 Re8 13.Nge2 a5 14.h4 Nc5 15.Qd6 Ne6 16.Bb3
Qxd6 17.Rxd6 Bf8 18.Rd2 Bc5 19.Bxc5 Nxc5 20.Bc4 Nfd7 21.b3 Nb6 22.Bd3 Be6 23.Kb2
Rad8 24.Rhd1 Rd6 25.Nc1 Red8 26.Nb1 Kf8 27.Be2 Ke7 28.Nd3 Nbd7 29.g5 Nxd3+
30.Rxd3 Nc5 31.Rxd6 Rxd6 32.Rxd6 Kxd6 33.Nd2

[Event "Aut_2.Bundesliga_Ost_2003/04"]
[Site "Bruck/Leitha (1+2), Wien (3+4), Eichgraben (5-7), Wien (8+9), Eichgraben (10+11)"]
[Date "2003.12.07"]
[Round "6"]
[Board "5"]
[White "Fusi, Christoph"]
[Black "Pichler, Michael"]
[Result "0-1"]
[WhiteElo "2241"]
[BlackElo "2172"]
[PlyCount "114"]

1.e4 e6 2.d4 d5 3.Nc3 dxe4 4.Nxe4 Bd7 5.Nf3 Bc6 6.Bd3 Nd7 7.O-O Ngf6 8.Qe2 Bxe4
9.Bxe4 Nxe4 10.Qxe4 c6 11.c4 Be7 12.b3 O-O 13.Bb2 Re8 14.Rad1 Qc7 15.Rd3 Rad8
16.Rfd1 Bf6 17.Qe2 a6 18.Qd2 b5 19.Bc3 Qb8 20.Ba5 Rc8 21.Re1 Nb6 22.Qc2 c5 23.d5
exd5 24.Rxe8+ Rxe8 25.cxd5 Nd7 26.Re3 Rxe3 27.fxe3 Qd6 28.e4 b4 29.g3 g5 30.Qe2
g4 31.Nd2 Bd4+ 32.Kg2 h5 33.Nc4 Qh6 34.Qf1 Qg6 35.Qf4 Kg7 36.Bd8 f6 37.Nd6 Be5
38.Nf5+ Kf8 39.Qc1 Bc3 40.Qe3 Ke8 41.Bc7 Be5 42.Bd6 Qg5 43.Qxg5 fxg5 44.Bxe5
Nxe5 45.Ng7+ Kd7 46.Ne6 Kd6 47.Kf2 c4 48.bxc4 Nxc4 49.Ke2 a5 50.Nxg5 a4 51.Kd3
b3 52.a3 Nxa3 53.Kc3 Nc4 54.Nf7+ Ke7 55.Nh6 b2 56.Nf5+ Kd7 57.Kc2 a3

[Event "Aut_2.Bundesliga_Ost_2003/04"]
[Site "Bruck/Leitha (1+2), Wien (3+4), Eichgraben (5-7), Wien (8+9), Eichgraben (10+11)"]
[Date "2003.12.07"]
[Round "6"]
[Board "6"]
[White "Wandl, Werner"]
[Black "Zetthofer, Gerald"]
[Result "0-1"]
[WhiteElo "2125"]
[BlackElo "2225"]
[PlyCount "142"]

1.e4 e6 2.d4 d5 3.exd5 exd5 4.Bd3 Nc6 5.c3 Bd6 6.Qf3 Be6 7.Bf4 Nge7 8.Ne2 Ng6
9.Bxd6 Qxd6 10.Nd2 Nce7 11.O-O-O a5 12.Rde1 a4 13.h4 a3 14.b4 h5 15.Ng3 Nf4
16.Nf5 Nxd3+ 17.Qxd3 Nxf5 18.Qxf5 Kd7 19.Qd3 b6 20.Re3 c5 21.Qb5+ Qc6 22.Qxc6+
Kxc6 23.bxc5 bxc5 24.dxc5 Kxc5 25.Nb3+ Kd6 26.Rd1 Rhc8 27.Rd4 Rc4 28.Kd2 Rb8
29.Re1 Bd7 30.Rb1 Ba4 31.g3 Bxb3 32.axb3 Rxd4+ 33.cxd4 Kc6 34.Kc2 Kb5 35.Re1 Ra8
36.Kb1 Kb4 37.Re3 a2+ 38.Ka1 Ra7 39.Rd3 f6 40.Rf3 Ka3 41.Re3 Rc7 42.b4+ Kxb4
43.Kxa2 Rc2+ 44.Kb1 Rxf2 45.Re7 g6 46.Rg7 Kc3 47.Rxg6 Rf1+ 48.Ka2 Kxd4 49.g4
hxg4 50.Rxg4+ Ke5 51.Rg8 Rh1 52.Rh8 f5 53.h5 f4 54.h6 f3 55.h7 f2 56.Rf8 Rxh7
57.Rxf2 Rb7 58.Re2+ Kd4 59.Re1 Kc3 60.Re8 d4 61.Rc8+ Kd2 62.Ka3 d3 63.Rd8 Rb5
64.Re8 Kd1 65.Re7 d2 66.Re8 Kc2 67.Rc8+ Kd3 68.Rd8+ Kc3 69.Ka4 Rb1 70.Rc8+ Kd3
71.Rd8+ Ke3

[Event "Aut_2.Bundesliga_Ost_2003/04"]
[Site "Bruck/Leitha (1+2), Wien (3+4), Eichgraben (5-7), Wien (8+9), Eichgraben (10+11)"]
[Date "2003.12.07"]
[Round "6"]
[Board "1"]
[White "Srienz, Christian"]
[Black "Polak, Thomas"]
[Result "1/2-1/2"]
[WhiteElo "2222"]
[BlackElo "2490"]
[PlyCount "31"]

1.e4 c5 2.Nf3 d6 3.d4 cxd4 4.Nxd4 Nf6 5.Nc3 a6 6.Be2 e5 7.Nb3 Be7 8.O-O O-O
9.Kh1 Be6 10.f4 Qc7 11.f5 Bc4 12.g4 h6 13.g5 hxg5 14.Bxg5 Nbd7 15.Rg1 Kh7 16.Nd2